000 004200000a22001210004500
090 _aAR
_b04305
245 1 0 _aPhylogenetic inference as applied to the study of evolutionary diversification of semiaquatic (Hemiptera: Gerromorpha)
041 0 _aInglés
500 _a<Literatura de escarabajos coprófagos>
100 1 _aAndersen, Nils Moller
_998183
942 _cARTICULO
773 1 _tSystematic Zoology
_q554-578
_d1979
_g28
999 _c13402
_d13402